[Event "Sunningdale e2e4 op 04"]
[Site "Ascot"]
[Date "2014.04.19"]
[Round "4"]
[White "Zhang, Anthony"]
[Black "Prior, Stephen"]
[Result "0-1"]
[WhiteElo "1896"]
[BlackElo "2071"]
[PlyCount "126"]
[EventDate "2014.04.17"]
[EventType "swiss"]
[EventRounds "9"]
[EventCountry "ENG"]
[SourceTitle "CBM 159 Extra"]
[Source "ChessBase"]
[SourceDate "2014.04.24"]
[SourceVersion "1"]
[SourceVersionDate "2014.04.24"]
[SourceQuality "1"]

1. d4 d5 2. Nf3 Nf6 3. c4 c6 4. e3 e6 5. Nbd2 Nbd7 6. Bd3 Bd6 7. 0-0 0-0 8. e4 e5 9. cxd5 cxd5 10. Re1 Re8 11. exd5 exd4 12. Rxe8+ Qxe8 13. Nc4 Bb8 14. Nxd4 Nxd5 15. Qe2 Qxe2 16. Bxe2 N7f6 17. Bf3 Bg4 18. Bd2 Bxf3 19. Nxf3 Bc7 20. Ne3 Nf4 21. Rd1 Rd8 22. Bb4 Rxd1+ 23. Nxd1 Nd3 24. Bd2 Bb6 25. Be3 Bxe3 26. fxe3 Ne4 27. Kf1 f5 28. Nd4 g6 29. Nb3 Kf7 30. Ke2 Ne5 31. Nd2 Nd6 32. Nf2 g5 33. g3 Nec4 34. Nxc4 Nxc4 35. b3 Nd6 36. g4 Kf6 37. gxf5 Kxf5 38. Kf3 h5 39. e4+ Ke5 40. Ke3 b6 41. Nd3+ Ke6 42. Nb4 Nf7 43. Nc6 Ne5 44. Nxa7 Ng4+ 45. Kf3 Nxh2+ 46. Kg2 Ng4 47. Nc8 b5 48. Na7 b4 49. Nc6 Ne3+ 50. Kg3 Kd6 51. Nd8 Ke7 52. Nc6+ Ke6 53. Nd8+ Kf6 54. Nc6 h4+ 55. Kh3 Ke6 56. Nd8+ Ke5 57. Nf7+ Kf4 58. e5 Nd5 59. Nh6 Kxe5 60. Kg4 Kf6 61. Ng8+ Kf7 62. Nh6+ Kg6 63. Ng8 Nf6+ 0-1

[Event "BCF-chT3S 1314 (4NCL)"]
[Site "England"]
[Date "2014.02.15"]
[Round "5.165"]
[White "Zhang, Anthony"]
[Black "Delay, Guillaume"]
[Result "0-1"]
[WhiteElo "1889"]
[BlackElo "2047"]
[PlyCount "110"]
[EventDate "2013.11.16"]
[EventType "team-swiss"]
[EventRounds "6"]
[EventCountry "ENG"]
[SourceTitle "EXT 2015"]
[Source "ChessBase"]
[SourceDate "2014.11.20"]
[SourceVersion "1"]
[SourceVersionDate "2014.11.20"]
[SourceQuality "1"]
[WhiteTeam "Sandhurst Scorpions"]
[BlackTeam "Bristol University"]
[WhiteTeamCountry "ENG"]
[BlackTeamCountry "ENG"]

1. d4 Nf6 2. Nf3 c5 3. d5 e6 4. c4 exd5 5. cxd5 d6 6. Nc3 g6 7. Bf4 a6 8. a4 Bg7 9. h3 Qe7 10. e3 0-0 11. Be2 Nfd7 12. 0-0 f5 13. Re1 Ne5 14. Nd2 Nbd7 15. Qc2 b6 16. Bg3 Nf6 17. Bxe5 dxe5 18. Qb3 Qd8 19. Nc4 Nd7 20. e4 fxe4 21. Bg4 Rb8 22. Nxe4 Kh8 23. Ned6 Bb7 24. Nxb7 Rxb7 25. Na5 Rc7 26. d6 Rc8 27. Nc4 Rb8 28. Rad1 b5 29. axb5 axb5 30. Na3 Rf4 31. Qd5 Rb4 32. Re2 c4 33. Qd2 Rb3 34. Bxd7 Qxd7 35. Qc2 Rf8 36. Nb1 Rf4 37. Nd2 Rd3 38. Ne4 Rd4 39. g3 Rf3 40. Ng5 Rfd3 41. Rxd3 Rxd3 42. Rd2 Rd4 43. Qc3 Bf6 44. Nf3 Rxd6 45. Rxd6 Qxd6 46. Qc2 Qd5 47. Nd2 Be7 48. Ne4 Kg7 49. Kf1 Bc5 50. Ke2 Bd4 51. Nc3 Qg2 52. Ke1 Qg1+ 53. Kd2 Qxf2+ 54. Kd1 Qf3+ 55. Ne2 Be3 0-1